|
|
|
|
| LEADER |
01232cam a2200193 i 4500 |
| 999 |
|
|
|c 86963
|d 86963
|
| 020 |
|
|
|a 9788132113683 (alk. paper : pbk. : 3 vol. set)
|
| 082 |
0 |
0 |
|a 338.954 009 051 2
|b Q3
|
| 245 |
1 |
0 |
|a Twelfth five year plan (2012-2017)/
|c India.Planning Commission.
|
| 260 |
|
|
|a New Delhi:
|b Sage Publications,
|c 2013.
|
| 300 |
|
|
|a 3 v.
|
| 504 |
|
|
|a Includes bibliographical references.
|
| 505 |
0 |
|
|a Volume 1. Faster, More Inclusive and Sustainable Growth -- Volume 2. Economic Sectors -- Volume 3. Social Sectors.
|
| 650 |
|
0 |
|a Finance, Public-India.
|9 13520
|
| 650 |
|
0 |
|a India-Economic policy-1991-92.
|9 45206
|
| 942 |
|
|
|c BK
|
| 952 |
|
|
|0 0
|1 0
|4 0
|6 338_954000000000000_009_051_2_Q3_1
|7 0
|9 79297
|a MGUL
|b MGUL
|c GEN
|d 2016-02-26
|e Calicut Book Distributors Bill No 009988 dated 01.02.2016
|g 1600.00
|l 0
|o 338.954 009 051 2 Q3.1
|p 54102
|r 2016-06-27
|y BK
|z v. 1-Faster, more inclusive and sustainable growth.
|
| 952 |
|
|
|0 0
|1 0
|4 0
|6 338_954000000000000_009_051_2_Q3_2
|7 0
|9 110782
|a MGUL
|b MGUL
|c GEN
|d 2016-11-07
|l 0
|o 338.954 009 051 2 Q3.2
|p 54103
|r 2016-11-07
|y BK
|z v. 2-Economic sectors
|
| 952 |
|
|
|0 0
|1 0
|4 0
|5 0
|6 338_954000000000000_009_051_2_Q3_3
|7 0
|9 110783
|a MGUL
|b MGUL
|c GEN
|d 2016-11-07
|l 0
|o 338.954 009 051 2 Q3.3
|p 54104
|r 2016-11-07
|y BK
|z v. 3-Social sectors
|